Matematika dlja radioinženerov teorija diskretnych struktur

Guardado en:
Detalles Bibliográficos
Formato: Libro
Lenguaje:ruso
Publicado: Moskva Radio i svjaz' 1984
Etiquetas: Agregar Etiqueta
Sin Etiquetas, Sea el primero en etiquetar este registro!

MARC

LEADER 00000nam a2200000 4500
001 c114020
005 20260130120104.2
041 0 |a rus 
044 |a RU 
245 1 0 |a Matematika dlja radioinženerov  |b teorija diskretnych struktur  |c T. Fujisawa, T. Kasami ; [Perevod s japonskogo A.V. Kuznecova] 
264 1 |a Moskva  |b Radio i svjaz'  |c 1984 
300 |a 238 s.